[Event "Madrid-chT 2122"]
[Site "Madrid"]
[Date "2021.12.12"]
[Round "2.1"]
[White "Vazquez Igarza, Renier"]
[Black "Moreno Trujillo, Alejandro"]
[Result "1/2-1/2"]
[WhiteElo "2532"]
[BlackElo "2495"]
[PlyCount "179"]
[EventDate "2021.11.27"]
[EventType "team-tourn"]
[EventRounds "14"]
[EventCountry "ESP"]
[SourceTitle "Ajedrez en Madrid"]
[Source "lmi"]
[SourceDate "2021.11.28"]
[SourceVersion "1"]
[SourceVersionDate "2022.03.28"]
[SourceQuality "1"]
[WhiteTeam "Collado Villalba"]
[BlackTeam "Villalba 64"]
[WhiteTeamCountry "ESP"]
[BlackTeamCountry "ESP"]

1. e4 e6 2. d4 d5 3. Nc3 Nf6 4. Bg5 dxe4 5. Nxe4 Be7 6. Bxf6 gxf6 7. Nf3 f5 8.
Nc3 a6 9. g3 b5 10. Bg2 Bb7 11. O-O c5 12. Re1 cxd4 13. Qxd4 Qxd4 14. Nxd4 Bxg2
15. Kxg2 Ra7 16. Nce2 O-O 17. c3 Rc8 18. b4 Nc6 19. a4 Nxd4 20. Nxd4 Rb7 21.
axb5 axb5 22. Ne2 Bf6 23. Red1 Bxc3 24. Rac1 Rbc7 25. Nxc3 Rxc3 26. Rxc3 Rxc3
27. Rd8+ Kg7 28. Rb8 f4 29. gxf4 Rc4 30. Rxb5 Rxf4 31. Rb8 Kf6 32. b5 Rb4 33.
b6 Kf5 34. Rb7 Kf6 35. Rb8 e5 36. Kf3 Kf5 37. Rb7 Rb3+ 38. Kg2 f6 39. Rxh7 Rxb6
40. Rh4 Rb3 41. Ra4 e4 42. Ra6 Rf3 43. Ra8 Kf4 44. Rg8 Ra3 45. Rg7 f5 46. Rb7
Ra2 47. Rb3 Kg5 48. Rb4 Re2 49. Kf1 Rc2 50. Ra4 Rb2 51. Kg2 Rb1 52. Ra5 Kf4 53.
Ra8 Rb7 54. Rg8 Rb6 55. Rg7 Rb8 56. Ra7 Rg8+ 57. Kf1 Re8 58. Kg2 Rc8 59. Ra4
Rc5 60. Ra8 Rb5 61. Re8 Rb2 62. Re7 Kg5 63. Re6 Rb3 64. Kf1 Ra3 65. Kg2 Ra4 66.
Re5 Ra8 67. Rb5 Ra6 68. Kg3 Ra3+ 69. Kg2 Ra1 70. Rc5 Kf6 71. Rc6+ Ke5 72. Rc5+
Ke6 73. h4 Ra2 74. h5 Kf6 75. h6 Ra7 76. Kg3 Kg5 77. f4+ Kg6 78. Rc6+ Kh5 79.
h7 Rg7+ 80. Kh3 Rxh7 81. Rf6 Re7 82. Rxf5+ Kg6 83. Rg5+ Kf6 84. Kg2 e3 85. Kf1
Re4 86. Ke2 Rxf4 87. Rg3 Re4 88. Rf3+ Ke5 89. Rxe3 Rxe3+ 90. Kxe3 1/2-1/2

[Event "Madrid-chT 2122"]
[Site "Madrid"]
[Date "2021.12.12"]
[Round "2.2"]
[White "Khamrakulov, Ibragim S"]
[Black "Martin Duque, Jesus"]
[Result "1/2-1/2"]
[WhiteElo "2416"]
[BlackElo "2416"]
[PlyCount "34"]
[EventDate "2021.11.27"]
[EventType "team-tourn"]
[EventRounds "14"]
[EventCountry "ESP"]
[SourceTitle "Ajedrez en Madrid"]
[Source "lmi"]
[SourceDate "2021.11.28"]
[SourceVersion "1"]
[SourceVersionDate "2022.03.28"]
[SourceQuality "1"]
[WhiteTeam "Villalba 64"]
[BlackTeam "Collado Villalba"]
[WhiteTeamCountry "ESP"]
[BlackTeamCountry "ESP"]

1. e4 c5 2. c3 Nf6 3. e5 Nd5 4. Bc4 e6 5. Nf3 d6 6. d4 cxd4 7. cxd4 Be7 8. O-O
O-O 9. Qe2 b6 10. Nc3 Nxc3 11. bxc3 Bb7 12. exd6 Bxd6 13. Ne5 Bxe5 14. dxe5 Nd7
15. Ba3 Nc5 16. Bxc5 bxc5 17. Rad1 Qh4 1/2-1/2

[Event "Madrid-chT 2122"]
[Site "Madrid"]
[Date "2021.12.12"]
[Round "2.3"]
[White "Lianes Garcia, Marcos"]
[Black "Valles Moreno, Ivan"]
[Result "0-1"]
[WhiteElo "2409"]
[BlackElo "2381"]
[PlyCount "108"]
[EventDate "2021.11.27"]
[EventType "team-tourn"]
[EventRounds "14"]
[EventCountry "ESP"]
[SourceTitle "Ajedrez en Madrid"]
[Source "lmi"]
[SourceDate "2021.11.28"]
[SourceVersion "1"]
[SourceVersionDate "2022.03.28"]
[SourceQuality "1"]
[WhiteTeam "Collado Villalba"]
[BlackTeam "Villalba 64"]
[WhiteTeamCountry "ESP"]
[BlackTeamCountry "ESP"]

1. d4 Nf6 2. c4 d6 3. Nf3 g6 4. Nc3 Bg7 5. e4 O-O 6. h3 Na6 7. Be3 c5 8. d5 e6
9. Bd3 exd5 10. exd5 Nb4 11. Be2 Bf5 12. Rc1 Ne4 13. g4 Nxc3 14. bxc3 Nxa2 15.
gxf5 Nxc1 16. Qxc1 Qa5 17. Kd2 b5 18. Qb2 bxc4 19. Qa1 Qb5 20. Qa2 Qb3 21. Qxb3
cxb3 22. Rb1 Rfb8 23. Bc4 a5 24. Rxb3 Rxb3 25. Bxb3 a4 26. Ba2 gxf5 27. Kc2 Re8
28. Nd2 Be5 29. Nc4 f4 30. Bd2 f3 31. Be3 f5 32. Kd3 Bh2 33. Nd2 f4 34. Bxc5
dxc5 35. Nxf3 Bg3 36. d6+ Kf8 37. d7 Rd8 38. Ne5 Bxf2 39. Ke4 Be1 40. Be6 f3
41. Kxf3 a3 42. Nd3 Bxc3 43. Nxc5 Ke7 44. Ba2 Bd4 45. Nb3 Rxd7 46. Ke4 Bb6 47.
Nc1 Rd2 48. Bg8 h6 49. Na2 Ba5 50. Kf3 Kf6 51. Bc4 Kg5 52. Kg3 Rd4 53. Ba6 Bd2
54. Bb5 Rf4 0-1

[Event "Madrid-chT 2122"]
[Site "Madrid"]
[Date "2021.12.12"]
[Round "2.4"]
[White "Sanchez Gonzalez, Sergio"]
[Black "Quispe Arteaga, Gabriel"]
[Result "1/2-1/2"]
[WhiteElo "2288"]
[BlackElo "2388"]
[PlyCount "92"]
[EventDate "2021.11.27"]
[EventType "team-tourn"]
[EventRounds "14"]
[EventCountry "ESP"]
[SourceTitle "Ajedrez en Madrid"]
[Source "lmi"]
[SourceDate "2021.11.28"]
[SourceVersion "1"]
[SourceVersionDate "2022.03.28"]
[SourceQuality "1"]
[WhiteTeam "Villalba 64"]
[BlackTeam "Collado Villalba"]
[WhiteTeamCountry "ESP"]
[BlackTeamCountry "ESP"]

1. e4 c5 2. Nc3 e6 3. Nge2 Nc6 4. d4 cxd4 5. Nxd4 Nf6 6. Be3 Bb4 7. Nxc6 bxc6
8. Bd2 e5 9. Qf3 O-O 10. Bd3 d5 11. O-O Be6 12. a3 Be7 13. Qe2 Nd7 14. b4 Rc8
15. Ba6 Rb8 16. Rac1 d4 17. Na4 Nb6 18. Nb2 c5 19. c3 Nd7 20. cxd4 cxd4 21. f4
exf4 22. Bxf4 Bg5 23. Bc7 Be3+ 24. Qxe3 dxe3 25. Bxd8 Rfxd8 26. Rfe1 Ne5 27.
Rxe3 Rd2 28. Re2 Rd6 29. b5 h5 30. a4 h4 31. h3 Rbd8 32. a5 g5 33. Rec2 Rb8 34.
Rc5 f6 35. Bc8 Bb3 36. Bf5 Rd2 37. R1c3 Bf7 38. Na4 Rd1+ 39. Kh2 Kg7 40. b6
axb6 41. Nxb6 Ra1 42. Rc1 Ra2 43. R1c2 Ra1 44. Rc7 Rxa5 45. Nd7 Re8 46. Nxe5
Raxe5 1/2-1/2

[Event "Madrid-chT 2122"]
[Site "Madrid"]
[Date "2021.12.12"]
[Round "2.5"]
[White "Alonso Garcia, Aaron"]
[Black "Garcia Luengo, Leandro"]
[Result "1-0"]
[WhiteElo "2367"]
[BlackElo "2287"]
[PlyCount "163"]
[EventDate "2021.11.27"]
[EventType "team-tourn"]
[EventRounds "14"]
[EventCountry "ESP"]
[SourceTitle "Ajedrez en Madrid"]
[Source "lmi"]
[SourceDate "2021.11.28"]
[SourceVersion "1"]
[SourceVersionDate "2022.03.28"]
[SourceQuality "1"]
[WhiteTeam "Collado Villalba"]
[BlackTeam "Villalba 64"]
[WhiteTeamCountry "ESP"]
[BlackTeamCountry "ESP"]

1. e4 c5 2. Nf3 Nc6 3. d4 cxd4 4. Nxd4 g6 5. Nc3 Bg7 6. Be3 Nf6 7. Bc4 Qa5 8.
O-O O-O 9. Nb3 Qc7 10. Be2 b6 11. f4 d6 12. a4 Bb7 13. Bf3 Na5 14. Nxa5 bxa5
15. Nb5 Qc8 16. Qd3 a6 17. Na3 Nd7 18. Nc4 Nc5 19. Qe2 Qc7 20. Bd2 Nxe4 21.
Bxe4 d5 22. Bxa5 Qc5+ 23. Kh1 dxe4 24. Rad1 Rac8 25. b3 f5 26. Bb6 Qc6 27. Qe3
Qe6 28. Bd4 Rfd8 29. Bxg7 Kxg7 30. Rd4 Rxd4 31. Qxd4+ Qf6 32. Rd1 Qxd4 33. Rxd4
Rc7 34. Kg1 Kf6 35. Kf2 Bc8 36. Ne3 Be6 37. b4 Rd7 38. Rxd7 Bxd7 39. Nd5+ Ke6
40. Nb6 Bc6 41. Ke3 Kd6 42. g3 e5 43. Nc4+ Kd5 44. Nxe5 Bxa4 45. c4+ Kd6 46.
Kd4 Be8 47. h3 Bd7 48. h4 Be8 49. g4 Bd7 50. g5 Be8 51. c5+ Ke6 52. Nc4 Bb5 53.
Ne3 Bc6 54. Kc4 Bb5+ 55. Kc3 Bc6 56. Kd4 Bb7 57. Nd1 Bd5 58. Nf2 Bb3 59. Nh1
Ba4 60. Ng3 Be8 61. Kc4 Bb5+ 62. Kc3 e3 63. h5 gxh5 64. Nxh5 Be2 65. Ng7+ Kd5
66. c6 Kxc6 67. Nxf5 Kd7 68. Kd4 Ke6 69. Nxe3 Bb5 70. f5+ Kf7 71. Ke5 Be2 72.
Nd5 Bb5 73. Nf6 Kg7 74. Ke6 Bd3 75. Nh5+ Kf8 76. Kf6 Bc4 77. Nf4 Bb3 78. Ne6+
Kg8 79. Ke7 Bd1 80. g6 Bc2 81. gxh7+ Kxh7 82. f6 1-0

[Event "Madrid-chT 2122"]
[Site "Madrid"]
[Date "2021.12.12"]
[Round "2.6"]
[White "Balague Camps, Marc"]
[Black "Garcia Dorado, Alberto"]
[Result "0-1"]
[WhiteElo "2204"]
[BlackElo "2212"]
[PlyCount "88"]
[EventDate "2021.11.27"]
[EventType "team-tourn"]
[EventRounds "14"]
[EventCountry "ESP"]
[SourceTitle "Ajedrez en Madrid"]
[Source "lmi"]
[SourceDate "2021.11.28"]
[SourceVersion "1"]
[SourceVersionDate "2022.03.28"]
[SourceQuality "1"]
[WhiteTeam "Villalba 64"]
[BlackTeam "Collado Villalba"]
[WhiteTeamCountry "ESP"]
[BlackTeamCountry "ESP"]

1. b3 e5 2. Bb2 Nc6 3. c4 Nf6 4. e3 Be7 5. Nc3 O-O 6. Nf3 Re8 7. Qc2 Bf8 8. Be2
a6 9. O-O g6 10. d4 exd4 11. Nxd4 Nxd4 12. exd4 d5 13. Bd3 Be6 14. Rad1 Bg7 15.
Rfe1 Qd6 16. c5 Qd7 17. Bc1 Kh8 18. Bf4 Nh5 19. Bg5 h6 20. Be3 Re7 21. Qd2 Kh7
22. f3 Rae8 23. Bf2 f5 24. Re2 Bf6 25. h4 f4 26. Rde1 c6 27. Rxe6 Rxe6 28. Rxe6
Qxe6 29. Ne2 Kg7 30. Nxf4 Nxf4 31. Qxf4 Bd8 32. g4 Re7 33. Kg2 Bc7 34. Qd2 Qf6
35. Be3 Qxh4 36. Bf4 Bxf4 37. Qxf4 Qf6 38. Kg3 Qxf4+ 39. Kxf4 Re1 40. b4 Kf6
41. a4 g5+ 42. Kg3 Rd1 43. Bf5 Rxd4 44. b5 axb5 0-1

[Event "Madrid-chT 2122"]
[Site "Madrid"]
[Date "2021.12.12"]
[Round "2.1"]
[White "Ingunza Curro, Andres"]
[Black "Espinosa Aranda, Angel"]
[Result "1/2-1/2"]
[WhiteElo "2382"]
[BlackElo "2466"]
[PlyCount "37"]
[EventDate "2021.11.27"]
[EventType "team-tourn"]
[EventRounds "14"]
[EventCountry "ESP"]
[SourceTitle "Ajedrez en Madrid"]
[Source "lmi"]
[SourceDate "2021.11.28"]
[SourceVersion "1"]
[SourceVersionDate "2022.03.28"]
[SourceQuality "1"]
[WhiteTeam "Tajamar"]
[BlackTeam "Virgen de Atocha"]
[WhiteTeamCountry "ESP"]
[BlackTeamCountry "ESP"]

1. e4 c5 2. Nf3 d6 3. Bb5+ Bd7 4. Bxd7+ Nxd7 5. O-O Ngf6 6. Re1 Rc8 7. b3 g6 8.
Bb2 Bg7 9. c4 e5 10. Nc3 Nf8 11. d3 Ne6 12. Nd2 O-O 13. Nf1 h5 14. Ne3 Bh6 15.
Ned5 Nxd5 16. Nxd5 Nc7 17. Nc3 Ne6 18. Nd5 Nc7 19. Nc3 1/2-1/2

[Event "Madrid-chT 2122"]
[Site "Madrid"]
[Date "2021.12.12"]
[Round "2.2"]
[White "Vazquez Torres, Adrian"]
[Black "Elissalt Cardenas, Hector"]
[Result "1/2-1/2"]
[WhiteElo "2194"]
[BlackElo "2290"]
[PlyCount "141"]
[EventDate "2021.11.27"]
[EventType "team-tourn"]
[EventRounds "14"]
[EventCountry "ESP"]
[SourceTitle "Ajedrez en Madrid"]
[Source "lmi"]
[SourceDate "2021.11.28"]
[SourceVersion "1"]
[SourceVersionDate "2022.03.28"]
[SourceQuality "1"]
[WhiteTeam "Virgen de Atocha"]
[BlackTeam "Tajamar"]
[WhiteTeamCountry "ESP"]
[BlackTeamCountry "ESP"]

1. e4 d6 2. d4 Nf6 3. Nc3 e5 4. dxe5 dxe5 5. Qxd8+ Kxd8 6. Bg5 Be6 7. O-O-O+
Nbd7 8. g3 Kc8 9. f3 Bc5 10. Bh3 h6 11. Bxe6 fxe6 12. Bd2 a6 13. Nge2 b5 14.
Rdf1 Kb7 15. Nd1 Raf8 16. Be3 Bd6 17. Nf2 Rf7 18. Nd3 Rhf8 19. Rf2 c5 20. Rd1
c4 21. Ne1 Kc7 22. Rg2 Bc5 23. Bxc5 Nxc5 24. b4 Na4 25. c3 g5 26. g4 Rg7 27.
Kc2 h5 28. h3 h4 29. Ng1 Rd7 30. Rgd2 Rxd2+ 31. Rxd2 Ng8 32. Ng2 Ne7 33. f4
exf4 34. Nf3 Rg8 35. Nd4 Rg6 36. Ne1 Nb6 37. Nef3 Kc8 38. Ne5 Rf6 39. Ndf3 Ng6
40. Nc6 e5 41. Ncxe5 Nxe5 42. Nxe5 Re6 43. Nf7 Kc7 44. Nxg5 Re5 45. Nf3 Rxe4
46. Nxh4 Re3 47. Ng2 Rxh3 48. Nxf4 Rg3 49. g5 Kc6 50. g6 Nd7 51. Rg2 Rxg2+ 52.
Nxg2 Nf6 53. Kd2 Kd5 54. Ke3 Ke5 55. Nf4 Ng4+ 56. Kf3 Nh6 57. g7 Kf6 58. Ke4
Kxg7 59. Ke5 Ng4+ 60. Kd6 Kf6 61. Ne6 Nf2 62. Nc7 Ne4+ 63. Kc6 Nxc3 64. Nxa6
Ke5 65. Nc7 Kd4 66. a3 Kd3 67. Ne6 Kc2 68. Kc5 Kb2 69. Nd4 Kxa3 70. Nxb5+ Nxb5
71. Kxc4 1/2-1/2

[Event "Madrid-chT 2122"]
[Site "Madrid"]
[Date "2021.12.12"]
[Round "2.3"]
[White "Mkrtchyan, Levon"]
[Black "Rabadan Velasco, Raul"]
[Result "1-0"]
[WhiteElo "2259"]
[BlackElo "2191"]
[PlyCount "109"]
[EventDate "2021.11.27"]
[EventType "team-tourn"]
[EventRounds "14"]
[EventCountry "ESP"]
[SourceTitle "Ajedrez en Madrid"]
[Source "lmi"]
[SourceDate "2021.11.28"]
[SourceVersion "1"]
[SourceVersionDate "2022.03.28"]
[SourceQuality "1"]
[WhiteTeam "Tajamar"]
[BlackTeam "Virgen de Atocha"]
[WhiteTeamCountry "ESP"]
[BlackTeamCountry "ESP"]

1. e4 e5 2. Nf3 Nc6 3. Bc4 Nf6 4. d3 h6 5. c3 d6 6. Nbd2 g5 7. Nf1 Bg7 8. Ng3
O-O 9. Bb3 a5 10. h4 g4 11. Nh2 d5 12. f3 dxe4 13. fxe4 a4 14. Bc2 Qd6 15. Nhf1
a3 16. b4 Ne7 17. Ne3 b5 18. h5 c5 19. bxc5 Qxc5 20. Bd2 Kh8 21. Qe2 Ra6 22.
Qf2 Qd6 23. Rh4 Rg8 24. Ke2 Bf8 25. Bb3 Bg7 26. Bc2 Bf8 27. Rf1 Rg5 28. Rhh1
Rc6 29. Rb1 Bd7 30. Rb3 Nh7 31. Rxb5 Qc7 32. Rb3 Rf6 33. Qe1 Ra6 34. Rb1 Nf6
35. Qf2 Bg7 36. Bb3 Kg8 37. Bc4 Rb6 38. Nc2 Rb2 39. Nxa3 Rxd2+ 40. Kxd2 Qa5 41.
Nc2 Nc8 42. Ne3 Nd6 43. Bb3 Qc5 44. Qg1 Nb5 45. Nd5 Qa3 46. Nxf6+ Bxf6 47. Qf2
Kg7 48. Rhf1 Qd6 49. Bd5 Be8 50. a4 Nxc3 51. Kxc3 Bd8 52. Kd2 Qa3 53. Ke2 Qxa4
54. Rfc1 Ba5 55. Rb7 1-0

[Event "Madrid-chT 2122"]
[Site "Madrid"]
[Date "2021.12.12"]
[Round "2.4"]
[White "Martinez Conde Hernandez, Carlos"]
[Black "Rodriguez Lopez, David"]
[Result "1/2-1/2"]
[WhiteElo "2177"]
[BlackElo "2146"]
[PlyCount "94"]
[EventDate "2021.11.27"]
[EventType "team-tourn"]
[EventRounds "14"]
[EventCountry "ESP"]
[SourceTitle "Ajedrez en Madrid"]
[Source "lmi"]
[SourceDate "2021.11.28"]
[SourceVersion "1"]
[SourceVersionDate "2022.03.28"]
[SourceQuality "1"]
[WhiteTeam "Virgen de Atocha"]
[BlackTeam "Tajamar"]
[WhiteTeamCountry "ESP"]
[BlackTeamCountry "ESP"]

1. e4 e5 2. Nf3 Nc6 3. Bb5 a6 4. Ba4 Nf6 5. O-O Nxe4 6. d4 b5 7. Bb3 d5 8. dxe5
Be6 9. c3 Be7 10. Nbd2 Nc5 11. Bc2 d4 12. Ne4 d3 13. Nxc5 dxc2 14. Qxd8+ Bxd8
15. Nxe6 fxe6 16. Be3 O-O 17. Rac1 Rxf3 18. gxf3 Nxe5 19. f4 Nf3+ 20. Kg2 Nh4+
21. Kg3 Be7 22. Rxc2 Rf8 23. Rd2 Nf5+ 24. Kf3 Bd6 25. Ke2 Rf6 26. h3 Rh6 27.
Rh1 Rh4 28. Kf3 Rh5 29. b3 Ne7 30. c4 bxc4 31. bxc4 Ng6 32. Rb1 Rxh3+ 33. Kg2
Rh5 34. Rb8+ Kf7 35. c5 Bxf4 36. Rd7+ Kf6 37. Bxf4 Nxf4+ 38. Kf3 Nd5 39. Rf8+
Ke5 40. Rxg7 Kd4 41. c6 Kc5 42. Ra8 Kb6 43. Rg1 Rf5+ 44. Ke2 Nc3+ 45. Ke3 Nd5+
46. Ke2 Nc3+ 47. Ke3 Nd5+ 1/2-1/2

[Event "Madrid-chT 2122"]
[Site "Madrid"]
[Date "2021.12.12"]
[Round "2.5"]
[White "Sahuquillo Cruz, Alejandro"]
[Black "Rodrigo Yanguas, Maria"]
[Result "1-0"]
[WhiteElo "2029"]
[BlackElo "1993"]
[PlyCount "114"]
[EventDate "2021.11.27"]
[EventType "team-tourn"]
[EventRounds "14"]
[EventCountry "ESP"]
[SourceTitle "Ajedrez en Madrid"]
[Source "lmi"]
[SourceDate "2021.11.28"]
[SourceVersion "1"]
[SourceVersionDate "2022.03.28"]
[SourceQuality "1"]
[WhiteTeam "Tajamar"]
[BlackTeam "Virgen de Atocha"]
[WhiteTeamCountry "ESP"]
[BlackTeamCountry "ESP"]

1. e4 c5 2. Nf3 Nc6 3. d4 cxd4 4. Nxd4 e5 5. Nb5 a6 6. Nd6+ Bxd6 7. Qxd6 Qe7 8.
Qd2 Nf6 9. f3 d6 10. Nc3 Be6 11. Nd5 Bxd5 12. exd5 Nb8 13. c4 Nbd7 14. Bd3 O-O
15. O-O Rac8 16. Re1 Nh5 17. b3 f5 18. Qg5 Qf7 19. Ba3 h6 20. Qe3 Nf4 21. Kh1
Qf6 22. Bf1 g5 23. b4 Kh7 24. Rad1 b6 25. c5 bxc5 26. Bxa6 Rc7 27. Bb5 cxb4 28.
Bxb4 Nc5 29. Bc6 Nb7 30. Qa3 Rd8 31. Qa7 Qe7 32. Qe3 Rb8 33. Qb6 Qd8 34. Qe3
Qe7 35. a4 Nd8 36. Bb5 Rc2 37. Rd2 Rbc8 38. Bd3 Nxd3 39. Qxd3 R2c4 40. Qxf5+
Kg7 41. Ba5 Nb7 42. Bb6 Rf8 43. Qd3 Rxa4 44. Rc2 Rf7 45. Rc7 Qf6 46. Rec1 e4
47. fxe4 Nc5 48. Rxf7+ Kxf7 49. Bxc5 dxc5 50. Rf1 Ra1 51. Kg1 Ke7 52. d6+ Kd7
53. Qb5+ Kd8 54. Qb8+ Kd7 55. Qc7+ Ke6 56. Qc8+ Kxd6 57. Qa6+ Kc7 1-0

[Event "Madrid-chT 2122"]
[Site "Madrid"]
[Date "2021.12.12"]
[Round "2.6"]
[White "Rey Martinez, Jaime"]
[Black "Martinez Aragon, Aitor"]
[Result "1/2-1/2"]
[WhiteElo "2061"]
[BlackElo "2008"]
[PlyCount "124"]
[EventDate "2021.11.27"]
[EventType "team-tourn"]
[EventRounds "14"]
[EventCountry "ESP"]
[SourceTitle "Ajedrez en Madrid"]
[Source "lmi"]
[SourceDate "2021.11.28"]
[SourceVersion "1"]
[SourceVersionDate "2022.03.28"]
[SourceQuality "1"]
[WhiteTeam "Virgen de Atocha"]
[BlackTeam "Tajamar"]
[WhiteTeamCountry "ESP"]
[BlackTeamCountry "ESP"]

1. e4 c5 2. Nf3 Nc6 3. c3 Nf6 4. e5 Nd5 5. d4 cxd4 6. cxd4 d6 7. Bc4 Nb6 8. Bb3
dxe5 9. d5 Na5 10. Ba4+ Nxa4 11. Qxa4+ Bd7 12. Qe4 Rc8 13. O-O g6 14. Qxe5 f6
15. Qe2 Bg7 16. Nbd2 b6 17. Re1 Kf7 18. Nd4 Re8 19. b3 Nb7 20. Ba3 Nc5 21. Ne4
Kg8 22. Rad1 Rc7 23. Rc1 Qc8 24. Nxc5 bxc5 25. Qc4 Kh8 26. Bxc5 a5 27. a3 Bf8
28. b4 Qa8 29. Rcd1 Rec8 30. Ne6 Bxe6 31. dxe6 Bh6 32. h3 axb4 33. axb4 Qa4 34.
Qd3 Bf4 35. Qf3 Be5 36. Qe3 g5 37. Qf3 Qe8 38. Qf5 Bc3 39. Re3 Qa4 40. Rd7 Bxb4
41. Bd4 Rc1+ 42. Kh2 Rf8 43. Qxg5 Bd6+ 44. Rxd6 Qxd4 45. Rxd4 fxg5 46. Rd7 Re8
47. Kg3 Rc4 48. Re5 h6 49. Rb7 Rf4 50. f3 Kg7 51. Rbb5 Kf6 52. Re2 Ra8 53. Rc5
Ra6 54. Rc8 Rd4 55. Rf8+ Kg6 56. Rg8+ Kf6 57. Rf8+ Kg6 58. Re8 Kf6 59. Re3 Rdd6
60. Rf8+ Kg6 61. Re8 Kf6 62. Rh8 Kg7 1/2-1/2

[Event "Madrid-chT 2122"]
[Site "Madrid"]
[Date "2021.12.18"]
[Round "3.1"]
[White "Moreno Trujillo, Alejandro"]
[Black "Martinez Reyes, Pedro Ramon"]
[Result "1-0"]
[WhiteElo "2495"]
[BlackElo "2406"]
[PlyCount "113"]
[EventDate "2021.11.27"]
[EventType "team-tourn"]
[EventRounds "14"]
[EventCountry "ESP"]
[SourceTitle "Ajedrez en Madrid"]
[Source "lmi"]
[SourceDate "2021.11.28"]
[SourceVersion "1"]
[SourceVersionDate "2022.03.28"]
[SourceQuality "1"]
[WhiteTeam "Villalba 64"]
[BlackTeam "Blanco y Negro"]
[WhiteTeamCountry "ESP"]
[BlackTeamCountry "ESP"]

1. d4 d5 2. c4 dxc4 3. e3 Nf6 4. Bxc4 e6 5. Nf3 c5 6. O-O Nc6 7. Nc3 Be7 8.
dxc5 Qxd1 9. Rxd1 Bxc5 10. a3 O-O 11. b4 Be7 12. Bb2 Bd7 13. Ba2 Rfd8 14. h3
Be8 15. g4 h6 16. Ne1 b5 17. Nxb5 Nxb4 18. Nc7 Rxd1 19. Rxd1 Rc8 20. Nxe8 Nxa2
21. Nxf6+ Bxf6 22. Bxf6 gxf6 23. Rd7 a5 24. Ra7 Rc5 25. Kh2 Nc1 26. Kg3 h5 27.
gxh5 Rxh5 28. Rc7 Rg5+ 29. Kf3 Rf5+ 30. Kg2 Rg5+ 31. Kf1 Nb3 32. Nd3 Rd5 33.
Ke2 e5 34. Rc3 a4 35. Rc4 Ra5 36. Nb2 Nc5 37. Rb4 Kg7 38. Nc4 Ra6 39. Rb6 Ra7
40. Rc6 Ne6 41. Nd6 Kg6 42. Ne4 Ra5 43. Rc8 Kg7 44. Nd6 Rc5 45. Rxc5 Nxc5 46.
Kd2 Kg6 47. Kc3 f5 48. Kc4 Nb3 49. Kb4 Nc1 50. Kxa4 Nd3 51. Kb5 Nxf2 52. a4 f4
53. exf4 e4 54. Nc4 Nd1 55. a5 e3 56. Nxe3 Nxe3 57. Kc5 1-0

[Event "Madrid-chT 2122"]
[Site "Madrid"]
[Date "2021.12.18"]
[Round "3.2"]
[White "Taboas Rodriguez, Daniel"]
[Black "Montoliu Cervero, Francisco"]
[Result "1/2-1/2"]
[WhiteElo "2367"]
[BlackElo "2415"]
[PlyCount "195"]
[EventDate "2021.11.27"]
[EventType "team-tourn"]
[EventRounds "14"]
[EventCountry "ESP"]
[SourceTitle "Ajedrez en Madrid"]
[Source "lmi"]
[SourceDate "2021.11.28"]
[SourceVersion "1"]
[SourceVersionDate "2022.03.28"]
[SourceQuality "1"]
[WhiteTeam "Blanco y Negro"]
[BlackTeam "Villalba 64"]
[WhiteTeamCountry "ESP"]
[BlackTeamCountry "ESP"]

1. d4 d5 2. c4 dxc4 3. e3 Nf6 4. Bxc4 a6 5. Nf3 e6 6. O-O b5 7. Be2 Bb7 8. a4
b4 9. b3 Nbd7 10. Bb2 c5 11. Nbd2 Be7 12. Nc4 O-O 13. Rc1 Bd5 14. Nfe5 cxd4 15.
Nxd7 Nxd7 16. Bxd4 Bf6 17. Qd2 a5 18. Rfd1 Qe7 19. Bxf6 Nxf6 20. f3 Rfd8 21.
Qe1 Bxc4 22. Bxc4 Rxd1 23. Rxd1 Qc5 24. Qf2 Kf8 25. e4 Qxf2+ 26. Kxf2 Ke7 27.
e5 Nd7 28. f4 g5 29. g3 gxf4 30. gxf4 Rc8 31. Rd6 Nc5 32. Rd4 Rg8 33. f5 exf5
34. Rd5 Rc8 35. Ke3 f6 36. Kf4 Nxa4 37. Rxa5 fxe5+ 38. Rxe5+ Kd6 39. Re6+ Kd7
40. Rh6 Nc5 41. Rxh7+ Kd6 42. Rh6+ Ke7 43. Kxf5 Rf8+ 44. Kg4 Rf2 45. Rc6 Nxb3
46. Bxb3 Rxh2 47. Rb6 Rb2 48. Rxb4 Kd6 49. Kf4 Rh2 50. Bd1 Kc5 51. Rb8 Rh1 52.
Bc2 Rh4+ 53. Ke5 Rh5+ 54. Bf5 Kc4 55. Rc8+ Kb4 56. Ke4 Kb5 57. Be6 Kb4 58. Bd5
Rh4+ 59. Ke5 Kb5 60. Be4 Kb6 61. Bd5 Kb5 62. Rc2 Kb4 63. Be4 Kb5 64. Rc1 Kb6
65. Kd4 Rh5 66. Rc6+ Kb5 67. Rc7 Rh6 68. Rc1 Rh4 69. Rb1+ Ka4 70. Kd5 Ka3 71.
Rb7 Ka4 72. Bd3 Rb4 73. Rh7 Kb3 74. Rh3 Rb8 75. Bc4+ Kc2 76. Kd4 Rd8+ 77. Bd5
Kd2 78. Rh2+ Kd1 79. Rg2 Rd7 80. Ke4 Rd8 81. Bb3+ Kc1 82. Ke3 Rd7 83. Bc4 Rd8
84. Bd3 Rd7 85. Rc2+ Kd1 86. Rb2 Rc7 87. Rb6 Rc8 88. Bg6 Rc3+ 89. Bd3 Rc8 90.
Rb7 Rc6 91. Rh7 Kc1 92. Rh2 Rd6 93. Rc2+ Kd1 94. Rc5 Re6+ 95. Be4 Re8 96. Rc7
Re5 97. Rb7 Rc5 98. Rb1+ 1/2-1/2

[Event "Madrid-chT 2122"]
[Site "Madrid"]
[Date "2021.12.18"]
[Round "3.3"]
[White "Valles Moreno, Ivan"]
[Black "Alarcia Astiz, Carlos"]
[Result "1-0"]
[WhiteElo "2381"]
[BlackElo "2314"]
[PlyCount "95"]
[EventDate "2021.11.27"]
[EventType "team-tourn"]
[EventRounds "14"]
[EventCountry "ESP"]
[SourceTitle "Ajedrez en Madrid"]
[Source "lmi"]
[SourceDate "2021.11.28"]
[SourceVersion "1"]
[SourceVersionDate "2022.03.28"]
[SourceQuality "1"]
[WhiteTeam "Villalba 64"]
[BlackTeam "Blanco y Negro"]
[WhiteTeamCountry "ESP"]
[BlackTeamCountry "ESP"]

1. Nf3 Nf6 2. c4 e6 3. g3 d5 4. Bg2 c6 5. Qc2 Be7 6. O-O O-O 7. d4 Nbd7 8. Nbd2
Re8 9. Rd1 Qc7 10. b3 b6 11. e4 Nxe4 12. Nxe4 dxe4 13. Qxe4 Bb7 14. Bf4 Bd6 15.
Bxd6 Qxd6 16. c5 Qe7 17. b4 Nf6 18. Qe1 a5 19. a3 axb4 20. axb4 Nd5 21. Ne5
bxc5 22. bxc5 Qc7 23. Nc4 Ba6 24. Nd6 Reb8 25. Ra3 Bb5 26. Rda1 Rxa3 27. Rxa3
h6 28. Bf3 Nf6 29. Qa1 Rf8 30. h4 Ne8 31. Ra7 Qd8 32. Nxb5 cxb5 33. Rb7 Nc7 34.
Qa5 Qf6 35. Qc3 Rc8 36. Kg2 Kh7 37. h5 Na6 38. Rxb5 Qd8 39. Rb7 Kg8 40. Qe3 Nc7
41. Qf4 f6 42. Qd6 Qxd6 43. cxd6 Na6 44. Be2 Nb8 45. Bc4 Rd8 46. Bxe6+ Kh8 47.
Rc7 Na6 48. Re7 1-0